| 000 | 00371nam a22001577a 4500 | ||
|---|---|---|---|
| 003 | OSt | ||
| 005 | 20220117101439.0 | ||
| 008 | 220117b |||||||| |||| 00| 0 eng d | ||
| 020 | _a8170084229 | ||
| 040 | _cH.U | ||
| 082 | _a604.2 | ||
| 100 |
_aMehta _928141 |
||
| 245 | _aEngineeing Drawing A Practice Book | ||
| 260 |
_aNew Delhi _bLaxmi _c2003 |
||
| 942 |
_2ddc _cBOOKS _n0 |
||
| 999 |
_c27233 _d27233 |
||